Integración de alumnos con necesidades educativas especiales: panorama internacional

Guardat en:
Dades bibliogràfiques
Autor principal: Sanz del Rio, Sagrario (Autor)
Format: Llibre
Idioma:espanyol
Publicat: Madrid Real Patronato de Prevención y de Aytención a personas con Minusvalía 1996
Matèries:
Etiquetes: Afegir etiqueta
Sense etiquetes, Sigues el primer a etiquetar aquest registre!

MARC

LEADER 00000nam a2200000 a 4500
001 UCP0955
003 CL-VaPUC
008 990326e19960000SP |||||||||||||||||spa|d
082 0 4 |a 371.9  |b SAN  |2 21 
100 0 |a Sanz del Rio, Sagrario  |e author  |9 426652 
245 1 0 |a Integración de alumnos con necesidades educativas especiales: panorama internacional 
300 |a 458 p 
942 |c BK 
945 |d 19990326 00:00:00  |a rbrito 
260 |a Madrid  |b Real Patronato de Prevención y de Aytención a personas con Minusvalía  |c 1996 
650 0 |a Educación especial  |9 307486 
650 0 |a Integración escolar  |9 312238 
650 0 |a Alumnos impedidos  |9 426653 
650 7 |a NIÑOS IMPEDIDOS FISICAMENTE  |2 CL-VaPUC  |9 308354 
650 0 |a Rehabilitación  |9 307382 
583 |a last modification  |c 19990326 00:00:00  |k Rodrigo Vera 
999 |c 279684  |d 279682 
952 |0 0  |1 0  |4 0  |6 371_900000000000000_SAN_1996  |7 0  |8 A  |9 319350  |a BIBEDU  |b BIBEDU  |d 2019-11-20  |i 3487830  |l 1  |o 371.9 SAN 1996  |p 3487830  |r 2022-09-27  |s 2022-09-26  |w 2019-11-20  |y BK  |k EDU